MDQL
is popping MORE tags! Check the
thread
!
Quizzes
Events
Quiz Creation
Community
Videos
Private Events
Remove Ads
Sign In
Join for FREE
Feedback
Dark Mode
Quiz Categories
Sports
Geography
Music
Movies
Television
Just For Fun
Miscellaneous
History
Literature
Language
Science
Gaming
Entertainment
Religion
Holiday
For Kids
Quiz Lab
Recent
Popular Today
Quiz Kudos Today
Editor Picks
Curator Picks
Quizzes by...
Day
Popularity
Type
Ratings
Length
Year
Community
Subscriptions
Recent Discussions
Orange Saloon
Badges
Playlists
Quests
Create
Leaderboards
Showdown
Live 5
Trivia Bingo
Activity
Puzzle Library
Sporcle Events
Private Events
Virtual Trivia
Globe League
Become a Host
Pub Owners
SporcleCon
Opinionation
Our Games
Videos
Blog
Mobile Apps
Partnerships
Remove Ads and Go Orange
Feedback
Just For Fun
Clickable
Get the Picture
Humor
Quick Pick
Word Ladder
Missing Word
Mixed Word
Blitz
Minefield
This or That
Alphabet
Color
Typing
Sporcle
Puzzle
Word Play
Follow That Line
Logic
Just For Fun
Clickable
Get the Picture
Humor
Quick Pick
Word Ladder
Missing Word
Mixed Word
Blitz
Minefield
This or That
Alphabet
Color
Typing
Sporcle
Puzzle
Word Play
Follow That Line
Logic
Random Quiz
Search Sporcle
×
Quiz Lab
Quiz Lab
Just For Fun
Poem
Type in answers that appear in a list
Type in answers that appear in a list
Classic
Best Score? Go Orange.
William blake's poem: The Tiger Stats
Can you name the all of the words to william blake's: The Tiger? (one word to one box)?
By
majetheraj
10m
143 Questions
163 Plays
163 Plays
163 Plays
Comments
Comments
Give Quiz Kudos
Give Quiz Kudos
-
- Ratings
hide this ad
Forced Order
Answers have to be entered in order
Answers have to be entered in order
Replay
Link that replays current quiz
Next Quiz
Link to next quiz in quiz playlist
You Got
0%
They Got
Avg Score
50%
Avg Friend Score
Upgrade to see
Score Distribution
Jump to the score distribution portion of the page
Score
0/143
Timer
10:00
0
Plays Today
each word
% Correct
tiger,
98.2%
tiger,
96.3%
burning
95.7%
bright
95.7%
in
92.6%
the
92.6%
of
90.2%
the
90.2%
night,
90.2%
what
86.5%
hand
84.7%
or
84.7%
eye
84.7%
immortal
84%
fearful
82.8%
forests
82.2%
thy
82.2%
frame
81%
symmetry?
80.4%
could
77.9%
in
70.6%
what
69.3%
or
63.8%
distant
63.2%
deeps
63.2%
skies
63.2%
the
62%
fire
62%
thine
62%
eyes?
62%
burnt
61.3%
of
61.3%
what
58.9%
on
56.4%
dare
56.4%
he
56.4%
aspire?
56.4%
what
56.4%
wings
55.2%
hand
55.2%
the
54.6%
dare
54.6%
the
54%
what
54%
fire?
53.4%
and
52.1%
seize
49.7%
what
49.7%
each word
% Correct
and
48.5%
art
48.5%
the
47.9%
of
47.9%
thy
47.9%
heart?
47.9%
shoulder
47.2%
could
47.2%
twist
47.2%
sinews
47.2%
and
46.6%
what
46.6%
when
46%
thy
46%
heart
45.4%
beat,
45.4%
began
44.8%
to
44.8%
hand
44.8%
and
44.8%
what
44.8%
feet?
44.8%
dread
44.2%
dread
44.2%
what
43.6%
the
43.6%
what
43.6%
the
43.6%
in
43.6%
what
43.6%
what
43.6%
the
43.6%
hammer?
42.9%
chain?
42.9%
was
42.9%
thy
42.9%
brain?
42.9%
anvil?
42.9%
what
42.9%
furnace
42.3%
dread
39.3%
and
39.3%
did
39.3%
he
39.3%
who
39.3%
the
39.3%
lamb
39.3%
thee?
39.3%
each word
% Correct
tiger,
39.3%
thy
39.3%
fearful
39.3%
symmetry?
39.3%
stars
39.3%
spears,
38.7%
water'd
38.7%
heaven
38.7%
tiger,
38.7%
burning
38.7%
bright
38.7%
in
38.7%
the
38.7%
of
38.7%
night,
38.7%
the
38.7%
what
38.7%
immortal
38.7%
hand
38.7%
or
38.7%
eye
38.7%
frame
38.7%
the
38.7%
threw
38.7%
down
38.7%
their
38.7%
grasp
38%
did
38%
he
38%
smile
38%
work
38%
to
38%
see?
38%
forests
38%
dare
38%
when
38%
tears,
37.4%
their
36.8%
his
36.8%
clasp?
36.8%
terrors
36.2%
made
35.6%
make
35.6%
dare
35%
deadly
35%
its
33.1%
from
12.9%
Quiz Playlist
Details
Report
Send in Message
Add To Playlist
Classic:
Type in answers that appear in a list
Forced Order:
Answers have to be entered in order
Last Updated: Feb 16, 2017
Quiz Scoreboard
CHALLENGE
Sign Up to Join the Scoreboard
Show All
Scores
Hide
Comments
May contain spoilers
Recently Published
Image Sorting: Flags VI
by Barbecue
Geography
2m
Find the 'City' Movie
by crazypaving
Movies
60s
5x2 Blitz: Bands
by SL_Kpop136
Music
30s
More to Explore
Quiz From the Vault
Featured Blog Post
14 Easter Pick-up Lines to Find Eggs With
hide this ad
You Might Also Like...
Tags
Poem Quiz
blake
Box
Tiger
William
Today's Top Quizzes in Just For Fun
Browse Just For Fun
hide this ad
Today's Top Quizzes in Poem
Browse Poem
Top Contributed Quizzes in Just For Fun
1
Name Just One - 10 to 1: Just For Fun
2
Avatar the Last Airbender: Logic Puzzle
3
Missing Word: 2-Letter A-Z II
4
Missing Letter Whitney Houston Songs
5
It's Magic / Witchcraft 🎩🪄🧙♀️
6
Survivor Winners Logic Puzzle
7
Missing Word: 'Of' Things A-Z
8
01-36 Logic Puzzle I
9
Quick 5-Color Logic (18)
10
Shadowhunters Protagonists Logic Quiz
Explore More
Trending Topics
Crossword
NBA
Harry Potter
Marvel
Anime
Kpop
Disney
Puzzle
Pokémon
WWE
Soccer
Country
The Office
Song
NFL
hide this ad
More By:
majetheraj
Quiz
Plays
Rating
Category
Featured
Created
decepticons in Transformers 3
602
Movies
Jul 27, 2011
name all of the transformers from the movies
466
Movies
Jul 28, 2011
the mentalist CBI characters
412
4.00
Television
Jul 31, 2011
all of the autobots from the films
381
5.00
Movies
Aug 11, 2011
CSI: crime scene investigation quiz
340
Entertainment
Aug 17, 2011
Go to Creator's Profile
Score Distribution
Quiz Creator Spotlight
majetheraj
Follow
Send a Message
Quizzes Created
-
Created Quiz Play Count
-
More By This Creator
Popular Quizzes Today
1
Colored Red Africa Blitz
2
Find the US States - No Outlines Minefield
3
Find the 'City' Movie
4
5x2 Blitz: Bands
5
The Countries of the World
6
Find the US States
7
Find the Countries of Europe - No Outlines Minefield
8
US States
More Just For Fun Quizzes
Word Ladder: 2019 Heisman Winner
Published
Trending Quizzes
Colored Red Europe Blitz I
Colored Red Europe Blitz II
Colored Red Africa Blitz II
Colored Red Europe Blitz III
Colored Red Africa Blitz III
Recently Updated
How Do You Spell That?
pecheneg
Godzilla Movies
pecheneg
Grab Bag: 4-10 Letters
pecheneg
2024 March Madness Bracket
pecheneg
Famous TV Couples
Peacemaker
Champions League XIs: Real Madrid
pecheneg
Largest US Cities 1790-2010
pecheneg
Rides in Walt Disney World
pecheneg
Most Oscar Losses (Acting)
pecheneg
Beyoncé Albums
pecheneg
Trending Topics
Disney
NBA
Kpop
Marvel
Harry Potter
Anime
Crossword
WWE
Song
NFL
Pokémon
Puzzle
The Office
Soccer
Country
Your Account Isn't Verified!
In order to create a playlist on Sporcle, you need to verify the email address you used during registration. Go to your
Sporcle Settings
to finish the process.
Report this User
Report this user for behavior that violates our
Community Guidelines
.
Details:
Send Report
Go to the Sporcle.com Mobile Site →
Comments